000 00594nam a22001937a 4500
005 20170331160244.0
010 _aENG-117680
020 _a9788184846317
_c680.00
035 _aEN-101212
037 _bDABD/PUB
082 _a332.80954
100 _aMohinder Kaur
245 _aDeregulation of interest rates /
_cby Mohinder Kaur
260 _aNew Delhi
_bRegal Publication
_c2016
270 _aF-159, Rajouri Garden,
_bNew Delhi
_e110027
300 _axii,147p.
_c22cm(Hb)
500 _aIncludes bibliographical references and index
942 _2ddc
_cEN
_h332.80954
_mMON
999 _c138613
_d138613